The noble scholar, jurist, historian


 His Excellency Dr. Abdul Wahhab bin Ibrahim Abu Sulaiman, may Allah have mercy on him.


 He was born in Umm Al-Qura in the year 1356 AH.

المنقوص والممدود / (Record no. 11586)

MARC details
000 -LEADER
fixed length control field 01440cam a2200289 i 4500
003 - CONTROL NUMBER IDENTIFIER
control field SA-RiAUC
005 - DATE AND TIME OF LATEST TRANSACTION
control field 20250910130258.0
008 - FIXED-LENGTH DATA ELEMENTS--GENERAL INFORMATION
fixed length control field 250906s1967 ua g 00010 ara c
040 ## - CATALOGING SOURCE
Original cataloging agency SA-RiKAPL
Language of cataloging ara
Transcribing agency SA-RiAUC
Description conventions rda
072 ## - SUBJECT CATEGORY CODE
Subject category code 045
082 04 - DEWEY DECIMAL CLASSIFICATION NUMBER
Classification number 415.1
Assigning agency SA-RiAUC
090 ## - LOCALLY ASSIGNED LC-TYPE CALL NUMBER (OCLC); LOCAL CALL NUMBER (RLIN)
Classification number (OCLC) (R) ; Classification number, CALL (RLIN) (NR) 415.1
Local cutter number (OCLC) ; Book number/undivided call number, CALL (RLIN) ف ر ا
100 1# - MAIN ENTRY--PERSONAL NAME
Personal name الفراء، يحيى بن زياد بن عبد الله،
Dates associated with a name 144-207 هجري
Relator term مؤلف.
245 12 - TITLE STATEMENT
Title المنقوص والممدود /
Statement of responsibility, etc. أبو زكريا يحيى بن زياد بن عبد الله الفراء. التنبيهات / أبو القاسم علي بن حمزة البصري ؛ تحقيق عبد العزيز الميمني الراجكوتي.
264 #1 - PRODUCTION, PUBLICATION, DISTRIBUTION, MANUFACTURE, AND COPYRIGHT NOTICE
Place of production, publication, distribution, manufacture القاهرة :
Name of producer, publisher, distributor, manufacturer دار المعارف،
Date of production, publication, distribution, manufacture, or copyright notice 1967
300 ## - PHYSICAL DESCRIPTION
Extent 388 صفحة ؛
Dimensions 24 سم.
336 ## - CONTENT TYPE
Content type term نص
Content type code txt
Source rdacontent
Materials specified كتاب
337 ## - MEDIA TYPE
Media type term بدون وسيط
Media type code n
Source rdamedia
338 ## - CARRIER TYPE
Carrier type term مجلد
Carrier type code nc
Source rdacarrier
490 0# - SERIES STATEMENT
Series statement ذخائر العرب ؛
Volume/sequential designation 41
650 #7 - SUBJECT ADDED ENTRY--TOPICAL TERM
Topical term or geographic name entry element اللغة العربية
General subdivision نحو
Source of heading or term aucsh
700 12 - ADDED ENTRY--PERSONAL NAME
Relationship information تحقيق لـ (عمل) :
Personal name الفراء، يحيى بن زياد بن عبد الله،
Dates associated with a name 144-207 هجري.
Title of a work المنقوص والممدود.
700 1# - ADDED ENTRY--PERSONAL NAME
Personal name الراجكوتي، عبد العزيز الميمني،
Dates associated with a name 1888-1978
Relator term محقق.
700 02 - ADDED ENTRY--PERSONAL NAME
Relationship information مع (عمل) :
Personal name علي بن حمزة البصري،
Dates associated with a name توفي 375 هجري
942 ## - ADDED ENTRY ELEMENTS (KOHA)
Source of classification or shelving scheme Dewey Decimal Classification
Koha item type Books
Suppress in OPAC No
949 ## - LOCAL PROCESSING INFORMATION (OCLC)
a SA-JeALM
d 250906
u mohamedma123
n 1
Holdings
Withdrawn status Lost status Source of classification or shelving scheme Damaged status Not for loan Home library Current library Date acquired Total checkouts Full call number Barcode Date last seen Price effective from Koha item type
    Dewey Decimal Classification     DR AbdElwahab Library DR AbdElwahab Library 09/10/2025   415.1 ف ر ا 000018738 09/10/2025 09/10/2025 Books